| 000 | 00639 a2200193 4500 | ||
|---|---|---|---|
| 020 | _a9810235186 | ||
| 020 | _a9789810235185 | ||
| 082 | 0 | 4 | _a570 |
| 090 |
_c560 _d560 |
||
| 100 | _aChen, Lansun. | ||
| 245 | 1 | 0 |
_aAdvanced topics in biomathematics / _cLansun Chen, Jun Zhu, Shigui Ruan. |
| 260 |
_a[S.l.] : _bWorld Scientific Publishing Company, _c1998. |
||
| 300 |
_a330 p. ; _c23 cm. |
||
| 700 | 1 | _aChen, Lansun. | |
| 700 | 1 | _aZhu, Jun. | |
| 700 | 1 | _aRuan, Shigui. | |
| 942 |
_aSNS _cBK _k510.24574 CHE |
||
| 999 |
_c29190 _d29190 |
||